000
00277nam a2200097Ia 4500
001
881556
005
20250826182642.0
008
250824s9999 xx 000 0 und d
245
0
_a
HUN KARTAL SAVAŞÇISI GÖKBERK İLE ALMILA
_c
AHMET HALDUN TERZİOĞLU
260
_b
PANAMA YAYINLARI
999
_c
881556
_d
881556